Ecological perceptions in marxism and gandhism/ (Record no. 191366)
[ view plain ]
| 000 -LEADER | |
|---|---|
| fixed length control field | 00709nam a22002057a 4500 |
| 005 - DATE AND TIME OF LATEST TRANSACTION | |
| control field | 20220825142410.0 |
| 010 ## - LCCN (DPL NO) | |
| LC control number | ENG-134645 |
| 020 ## - INTERNATIONAL STANDARD BOOK NUMBER | |
| International Standard Book Number | 9788184503029 |
| Terms of availability | 880.00 |
| 035 ## - SYSTEM CONTROL NUMBER | |
| System control number | EN-118177 |
| 037 ## - SOURCE OF ACQUISITION | |
| Source of stock number/acquisition | DBAD/PUB |
| 082 ## - DEWEY DECIMAL CLASSIFICATION NUMBER | |
| Classification number | 100 |
| 245 ## - TITLE STATEMENT | |
| Title | Ecological perceptions in marxism and gandhism/ |
| Statement of responsibility, etc | Edited by Rajdeva Narayan and Janardan Kumar; foreword by Sachar Rajinder |
| 260 ## - PUBLICATION, DISTRIBUTION, ETC. (IMPRINT) | |
| Place of publication, distribution, etc | New Delhi |
| Date of publication, distribution, etc | 2011 |
| Name of publisher, distributor, etc | Deep & deep publications |
| 270 ## - ADDRESS | |
| Address | F-159, Rajouri garden |
| City | New delhi |
| Postal code | 110027 |
| Telephone number | 011-25435369 |
| Electronic mail address | ddpbooks@yahoo.co.in |
| 300 ## - PHYSICAL DESCRIPTION | |
| Extent | xxiv, 231p. |
| Dimensions | 23cm(hb) |
| Other physical details | Index |
| 700 ## - ADDED ENTRY--PERSONAL NAME | |
| Personal name | Narayan, Rajdeva |
| 700 ## - ADDED ENTRY--PERSONAL NAME | |
| Personal name | Janardan Kumar |
| 700 ## - ADDED ENTRY--PERSONAL NAME | |
| Personal name | Sachar Rajinder |
| 942 ## - ADDED ENTRY ELEMENTS (KOHA) | |
| Source of classification or shelving scheme | Dewey Decimal Classification |
| Item type | English Books |
| Classification part | 100 |
| Call number suffix | ECO |
| Withdrawn status | Lost status | Not for loan | Collection code | Home library | Current library | Date acquired | Source of acquisition | Cost, normal purchase price | Full call number | Barcode | Copy number | Cost, replacement price | Koha item type |
|---|---|---|---|---|---|---|---|---|---|---|---|---|---|
| Non-fiction | Shahdara Branch | Shahdara Branch | 25/08/2022 | DBAD/PUB | 880.00 | 100 ECO | EN-118177 | 1 | 880.00 | English Books |
